Functional Coordination Polymers and Metal–Organic Frameworks (Record no. 13440)

MARC details
000 -LEADER
fixed length control field 01361nam a2200133Ia 4500
008 - FIXED-LENGTH DATA ELEMENTS--GENERAL INFORMATION
fixed length control field 220615s9999||||xx |||||||||||||| ||und||
020 ## - INTERNATIONAL STANDARD BOOK NUMBER
International Standard Book Number 9783040000000
245 #0 - TITLE STATEMENT
Title Functional Coordination Polymers and Metal–Organic Frameworks
546 ## - LANGUAGE NOTE
Language note English[eng]
650 ## - SUBJECT ADDED ENTRY--TOPICAL TERM
Topical term or geographic name entry element zirconium-based MOFs||water adsorption||ethanol adsorption||porous materials||adsorption heat pump||coordination polymer||MOF||CP||dimensionality control||Cu(II)-4,4′-bipyridine||dipyridil ligand||copper||metal–organic frameworks||solid sorbents||shaping||gas separation||gas storage||water harvesting||zirconium||metal–organic framework||post-synthetic modification||iridium catalysis||water oxidation||water splitting||thiazole||thiadiazole||coordination polymers||luminescence||cerium||terephthalic acid||spectroscopic characterization||adsorption||calorimetry||carbon dioxide||Ag(I) complexes||metal-organic coordination polymers||thermally activated delayed fluorescence||phosphorescence||pyrimidylphosphines||poly(azolate) spacers||1,3-bis(1,2,4-triazol-4-yl)adamantane||zinc||cadmium||crystal structure||group 12 metals||1H-indazole-6-carboxylic acid||photoluminescence properties||organometallic||coordination bonds||supramolecular chemistry||catalysis||n/a
700 ## - ADDED ENTRY--PERSONAL NAME
Personal name Rossin, Andrea
856 ## - ELECTRONIC LOCATION AND ACCESS
Uniform Resource Identifier <a href="https://mdpi.com/books/pdfview/book/3966">https://mdpi.com/books/pdfview/book/3966</a>
942 ## - ADDED ENTRY ELEMENTS (KOHA)
Koha item type E-Books
Holdings
Withdrawn status Lost status Damaged status Not for loan Home library Current library Date acquired Total Checkouts Date last seen Price effective from Koha item type
        Kerala University of Digital Sciences, Innovation and Technology Knowledge Centre Kerala University of Digital Sciences, Innovation and Technology Knowledge Centre 15/06/2022   15/06/2022 15/06/2022 E-Books